000 00560nam a2200169 i 4500
001 76261
003 ES-MaACL
005 20230906172756.0
007 t|
008 040930s1921 it ||||1| ita d
100 1 _aGreenwood, G. H.
_959873
245 1 3 _aLa teoria e la pratica del tradunionismo /
_cdi G.H. Greenwood ; con uma prefazione di Sidney Webb ; traduzione dell'inglese di E. Mardeioli.
260 _aMilano :
_bSocietá editrice Avanti,
_c1921.
700 1 _aWebb, Sidney.
_9116243
700 1 _aMardeioli, E.
_976562
852 _aES-MaACL
_j1629-F-2
999 _c76261
_d76261